| 000 | 00857nam a22002537a 4500 | ||
|---|---|---|---|
| 003 | OSt | ||
| 005 | 20260511115343.0 | ||
| 008 | 260511b |||||||| |||| 00| 0 eng d | ||
| 020 | _a9781465455246 | ||
| 040 | _aKenya National Library Service | ||
| 082 | _a394.2663 JOL | ||
| 245 | _aJolly jingly Christmas. | ||
| 250 | _aFirst American edtion. | ||
| 300 |
_a1 volume (unpaged) : _bcolour illustrations, sound effects ; _c25 cm. |
||
| 500 | _aBoard book with lift-the-flap and sound features. | ||
| 500 | _aCover title. | ||
| 520 | _aAn interactive Christmas board book featuring holiday sounds, flaps, and festive characters for young children. | ||
| 521 | _aAges 2-5. | ||
| 650 |
_aBoard books. _vJuvenile literature. |
||
| 650 | _aChristmas | ||
| 942 |
_2ddc _cBK _n0 |
||
| 999 |
_c492660 _d492660 |
||